Statistics for 2023 NASCAR craftsman truck series drivers

Click here to take the quiz!

General Stats

  • This quiz has been taken 18 times
  • The average score is 15 of 24

Answer Stats

HintAnswer% Correct
GMS racing23Grant enfinger
87%
Kyle busch mototsports51Kyle busch
80%
Front row motorsports38Zane smith
80%
Thorsport racing99Ben rhodes
73%
Niece motorsports42Carson hocevar
73%
tricon garage11Corey heim
73%
Thorsport racing88Matt crafton
73%
Halmar friesen52Stewart friesen
73%
Thorsport racing13hailie deegan
67%
rev racing2nick sanchez
67%
GMS racing24Rajah caruth
67%
tricon garage15Tanner gray
67%
Tricon garage17Taylor gray
67%
Kyle busch motosports4chase purdy
60%
Kyle busch motorsports51jack wood
60%
Rackley war25Matt dibenedetto
60%
Thorsport racing98ty majeski
60%
GMS racing43Daniel dye
53%
Tricon garage5dean thompson
53%
mcAnally-Hilgemann35Jake garcia
53%
Hattori racing enterprises16Tyler ankrum
53%
McAnally-Hilgemann19Christian eckes
47%
Niece motorsports45lawless alan
47%
Kyle busch motorsports51William byron
33%

Score Distribution

Percentile by Number Answered

Percent of People with Each Score

Your Score History

You have not taken this quiz